000 00464nam a2200157Ia 4500
003 GCL
008 140319s9999 xx 000 0 eng d
040 _aGCL /
_cGCL
082 0 4 _a624.09
_bN B
100 1 _aNATIONAL GEOGRAPHIC SOCIETY
245 1 0 _aBUILDERS OF THE ANCIENT WORLD /
_cNATIONAL GEOGRAPHIC SOCIETY
260 _a[S.N] :
_bNATIONAL GEOGRAPHIC SOCIETY ،
_c1986
650 0 4 _aENGINEERING HISTORY
650 0 4 _aARCHITECTURE, ANCIENT
942 _2ddc
_cBK
999 _c25672
_d25672